The teaching of English in Pakistan. (Record no. 53504)

MARC details
000 -LEADER
fixed length control field 00648cam a22002411 4500
001 - CONTROL NUMBER
control field sa 63000479
003 - CONTROL NUMBER IDENTIFIER
control field DLC
005 - DATE AND TIME OF LATEST TRANSACTION
control field 20260227111921.0
008 - FIXED-LENGTH DATA ELEMENTS--GENERAL INFORMATION
fixed length control field 920902s1961 pk b 000 0 eng
010 ## - LIBRARY OF CONGRESS CONTROL NUMBER
LC control number sa 63000479
025 ## - OVERSEAS ACQUISITION NUMBER
Overseas acquisition number PL480:P-E-127
035 ## - SYSTEM CONTROL NUMBER
System control number (OCoLC)26520132
040 ## - CATALOGING SOURCE
Original cataloging agency DLC
Transcribing agency TxU
Modifying agency TxU
-- DLC
042 ## - AUTHENTICATION CODE
Authentication code premarc
050 00 - LIBRARY OF CONGRESS CALL NUMBER
Classification number PE1128.A2
Item number H3 1961
100 1# - MAIN ENTRY--PERSONAL NAME
Personal name Haq, Abdul.
245 14 - TITLE STATEMENT
Title The teaching of English in Pakistan.
250 ## - EDITION STATEMENT
Edition statement 2d ed.
260 ## - PUBLICATION, DISTRIBUTION, ETC.
Place of publication, distribution, etc. Lahore,
Name of publisher, distributor, etc. M.R. Bros.,
Date of publication, distribution, etc. 1961.
300 ## - PHYSICAL DESCRIPTION
Extent 334 p.
Dimensions 19 cm.
504 ## - BIBLIOGRAPHY, ETC. NOTE
Bibliography, etc. note Bibliography: p. 333-334.
650 #0 - SUBJECT ADDED ENTRY--TOPICAL TERM
Topical term or geographic name entry element English language
General subdivision Study and teaching
Geographic subdivision Pakistan.

No items available.

Powered by Koha